MARC

LEADER 00000nam0a2200000 4500
001 155399
005 20231031152429.0
010 |a 521102186X 
020 |a RU  |b 91-36451 
035 |a (RuTPU)RU\TPU\book\168576 
090 |a 155399 
100 |a 20090313d1991 m y0rusy5003 ca 
101 0 |a rus 
102 |a RU 
105 |a a j 001zy 
200 1 |a Введение в теорию динамических систем  |e учебное пособие  |f Ю. И. Кузнецов  |g Московский государственный университет им. М. В. Ломоносова (МГУ), Физический факультет 
210 |a Москва  |c Изд-во МГУ  |d 1991 
215 |a 132 с.  |c ил. 
225 1 |a Физика 
320 |a Библиогр.: с. 130-132. 
610 1 |a динамические системы 
610 1 |a математические исследования 
610 1 |a линейные системы 
610 1 |a переходные процессы 
610 1 |a метод корневого годографа 
610 1 |a учебные пособия 
675 |a 681.51.033(075.8)  |z rus 
700 1 |a Кузнецов  |b Ю. И.  |g Юрий Иванович 
712 0 2 |a Московский государственный университет им. М. В. Ломоносова (МГУ)  |b Физический факультет  |2 stltpush  |3 (RuTPU)RU\TPU\col\7 
801 0 |a RU  |b RuMRKP  |c 19950417  |g psbo 
801 1 |a RU  |b 63413507  |c 20090313  |g PSBO 
801 2 |a RU  |b 63413507  |c 20091030  |g PSBO 
942 |c BK